[Event "Rewal 2011 - Open B"]
[Site "Rewal"]
[Date "2011.08.20"]
[Round "2.37"]
[White "Wacior, Maciej"]
[Black "Miczek, Szczepan"]
[Result "1/2-1/2"]
[WhiteElo "1664"]
[BlackElo "1823"]
[EventDate "2011.??.??"]
[PlyCount "60"]

1.d4 d5 2.Nf3 Nf6 3.Bf4 e6 4.e3 Bd6 5.Bxd6 Qxd6 6.c4 b6 7.Nc3 O-O 8.Nb5 
Qe7 9.Qb3 c6 10.Na3 Ba6 11.Bd3 dxc4 12.Bxc4 c5 13.O-O Bxc4 14.Qxc4 Nbd7 
15.Rfd1 Rac8 16.Rac1 h6 17.h3 cxd4 18.Qxd4 Rxc1 19.Rxc1 Nc5 20.Ne5 Qd8 21.
Nb5 a6 22.Qxd8 Rxd8 23.Nd4 Nd5 24.a3 a5 25.Nec6 Rd7 26.Rc2 Rb7 27.Nxa5 
bxa5 28.Rxc5 Rxb2 29.Rxa5 Nc3 30.Rc5 Ne4 1/2-1/2

[Event "Rewal 2011 - Open B"]
[Site "Rewal"]
[Date "2011.08.20"]
[Round "2.39"]
[White "Nowak, Kamil"]
[Black "Skomial, Mateusz"]
[Result "0-1"]
[WhiteElo "1637"]
[BlackElo "2068"]
[EventDate "2011.??.??"]
[PlyCount "74"]

1.e4 e5 2.Nf3 Nf6 3.Nxe5 d6 4.Nf3 Nxe4 5.Nc3 Nxc3 6.dxc3 Be7 7.Be3 Nc6 8.
Qd2 Be6 9.O-O-O h6 10.Kb1 a6 11.h4 Qd7 12.Nd4 Nxd4 13.Bxd4 Rg8 14.Be2 
O-O-O 15.Bf3 Qb5 16.Qe2 Qa5 17.a3 Rge8 18.Bxg7 Bf8 19.Bxf8 Ba2+ 20.Kxa2 
Rxe2 21.Bxe2 Rxf8 22.Bd3 Qd5+ 23.Kb1 Qxg2 24.f4 Re8 25.Rdg1 Qf2 26.Rf1 Qg3
27.f5 d5 28.Rfg1 Qe5 29.Kc1 c5 30.Kb1 Kc7 31.c4 b5 32.cxb5 c4 33.Bf1 axb5 
34.Bh3 c3 35.b3 Qd6 36.Ka2 Ra8 37.b4 Qxb4 0-1

[Event "Rewal 2011 - Open B"]
[Site "Rewal"]
[Date "2011.08.20"]
[Round "2.40"]
[White "Jacel, Lukasz"]
[Black "Krzeczowski, Tadeusz"]
[Result "1-0"]
[WhiteElo "1979"]
[BlackElo "1632"]
[EventDate "2011.??.??"]
[PlyCount "61"]

1.e4 e5 2.Nf3 Nc6 3.Nc3 Nf6 4.Bb5 Bc5 5.O-O d6 6.d4 exd4 7.Nxd4 Bd7 8.Nf5 
Bxf5 9.exf5 O-O 10.Bg5 Nd4 11.Bd3 d5 12.Bxf6 gxf6 13.Na4 Qd6 14.Qg4+ Kh8 
15.Qh4 Kg7 16.Nxc5 Qxc5 17.c3 Nc6 18.Kh1 Qd6 19.f4 Rg8 20.Rf3 Kh8 21.Rd1 
Ne7 22.g4 Rg7 23.g5 Ng8 24.Re1 Rf8 25.Qg4 Nh6 26.Qh3 fxg5 27.fxg5 Ng8 28.
f6 Rg6 29.Bxg6 fxg6 30.Qe6 Qxe6 31.Rxe6 1-0

[Event "Rewal 2011 - Open B"]
[Site "Rewal"]
[Date "2011.08.20"]
[Round "2.41"]
[White "Zhuk, Dmitriy"]
[Black "Hasinski, Krystian"]
[Result "0-1"]
[WhiteElo "1610"]
[BlackElo "1971"]
[EventDate "2011.??.??"]
[PlyCount "31"]

1.e4 c6 2.d4 d5 3.exd5 cxd5 4.Nf3 Nf6 5.Nc3 Bg4 6.Be2 e6 7.Bg5 Be7 8.Qd2 
Nc6 9.Bf4 Rc8 10.h3 Bh5 11.Bd3 Bxf3 12.gxf3 Nxd4 13.O-O-O Nc6 14.Rhe1 g6 
15.h4 a6 16.Qe3 0-1

[Event "Rewal 2011 - Open B"]
[Site "Rewal"]
[Date "2011.08.20"]
[Round "2.42"]
[White "Sliwicka, Alicja"]
[Black "Przytula, Grzegorz"]
[Result "0-1"]
[WhiteElo "1609"]
[BlackElo "1955"]
[EventDate "2011.??.??"]
[PlyCount "72"]

1.e4 e5 2.Nf3 d5 3.Nxe5 Bd6 4.d4 dxe4 5.Nc3 Bf5 6.Bc4 Bxe5 7.dxe5 Qxd1+ 8.
Nxd1 Ne7 9.Bf4 Ng6 10.Bg3 Nd7 11.Ne3 Be6 12.Bxe6 fxe6 13.Nc4 h5 14.h3 
O-O-O 15.O-O-O Rhf8 16.Rhf1 Nf4 17.Bxf4 Rxf4 18.Rde1 Rdf8 19.Re2 b5 20.Nd2
e3 21.Nf3 exf2 22.Rfxf2 g5 23.Re3 g4 24.hxg4 hxg4 25.Kd2 gxf3 26.gxf3 R8f5
27.b3 Nxe5 28.Ke2 Ng4 29.Rd3 Nxf2 30.Kxf2 e5 31.Ke2 e4 32.fxe4 Rxe4+ 33.
Kd2 Rf2+ 34.Kc1 b4 35.Rd5 Kb7 36.Rc5 Kb6 0-1

[Event "Rewal 2011 - Open B"]
[Site "Rewal"]
[Date "2011.08.20"]
[Round "2.43"]
[White "Knap, Jerzy"]
[Black "Przybylska, Agata"]
[Result "1/2-1/2"]
[WhiteElo "1913"]
[BlackElo "1604"]
[EventDate "2011.??.??"]
[PlyCount "78"]

1.d4 Nf6 2.c4 e6 3.Nc3 Bb4 4.Bd2 O-O 5.Nf3 b6 6.e3 Bb7 7.Be2 d6 8.O-O Nbd7
9.Rc1 c5 10.a3 Bxc3 11.Bxc3 Ne4 12.dxc5 Nxc3 13.Rxc3 Nxc5 14.Nd2 Qe7 15.b4
Ne4 16.Nxe4 Bxe4 17.Bf3 Bxf3 18.Qxf3 Rac8 19.Rfc1 Rc7 20.Qe2 Rfc8 21.Qd2 
Rc6 22.g3 Qc7 23.Qd4 Kf8 24.Rd1 b5 25.c5 dxc5 26.bxc5 Rxc5 27.Rxc5 Qxc5 
28.Qxc5+ Rxc5 29.Rd7 a5 30.Ra7 b4 31.axb4 axb4 32.Rb7 Rc1+ 33.Kg2 Rb1 34.
Kf3 b3 35.h4 b2 36.Ke2 g6 37.Kf3 Kg7 38.Kg4 Kf6 39.Kf4 h5 1/2-1/2

[Event "Rewal 2011 - Open B"]
[Site "Rewal"]
[Date "2011.08.20"]
[Round "2.44"]
[White "Dobrzanska, Joanna"]
[Black "Grzesik, Norbert"]
[Result "0-1"]
[WhiteElo "1596"]
[BlackElo "1901"]
[EventDate "2011.??.??"]
[PlyCount "50"]

1.e4 c5 2.Nf3 Nc6 3.d4 cxd4 4.Nxd4 Nf6 5.Nc3 e6 6.Be2 Bb4 7.Nxc6 bxc6 8.
Bd3 d5 9.exd5 cxd5 10.Bd2 O-O 11.O-O a5 12.a3 Be7 13.Qe2 Qb6 14.Rab1 Ba6 
15.Bxa6 Rxa6 16.Be3 Qb7 17.Bd4 Rc6 18.Rfe1 Re8 19.Qd3 Rc4 20.Be5 Qb6 21.a4
Nd7 22.Bg3 Bf6 23.Kh1 Bxc3 24.bxc3 Qc6 25.f3 Qxa4 0-1

[Event "Rewal 2011 - Open B"]
[Site "Rewal"]
[Date "2011.08.20"]
[Round "2.45"]
[White "Hagner, Pawel"]
[Black "Mirski, Roman"]
[Result "1-0"]
[WhiteElo "1781"]
[BlackElo "1591"]
[EventDate "2011.??.??"]
[PlyCount "81"]

1.d4 d5 2.Nf3 e6 3.Bg5 Be7 4.Bf4 f5 5.e3 Nf6 6.c3 O-O 7.Nbd2 Ne4 8.Bd3 Nd7
9.h3 Ndf6 10.Ne5 Nd7 11.Ndf3 c5 12.Nxd7 Bxd7 13.Ne5 Be8 14.dxc5 Nxc5 15.
Be2 Ne4 16.O-O Bd6 17.c4 Qc7 18.Nd3 dxc4 19.Bxd6 Nxd6 20.Nf4 Bf7 21.Rc1 
Rfd8 22.Qa4 b5 23.Qc2 Qe7 24.Bf3 Rac8 25.Rfd1 e5 26.Nd5 Qh4 27.g3 Qxh3 28.
Ne7+ Kh8 29.Nxc8 e4 30.Bg2 Qh6 31.Nxd6 Rxd6 32.Rxd6 Qxd6 33.Rd1 Qe6 34.b3 
cxb3 35.axb3 h6 36.b4 Bh5 37.Rd8+ Kh7 38.Qc8 Qf6 39.Bh3 Kg6 40.Rf8 Qa1+ 
41.Kh2 1-0

[Event "Rewal 2011 - Open B"]
[Site "Rewal"]
[Date "2011.08.22"]
[Round "2.46"]
[White "Bialowas, Inga"]
[Black "Szczecina, Kamil"]
[Result "0-1"]
[WhiteElo "1590"]
[BlackElo "1779"]
[EventDate "2011.??.??"]
[PlyCount "148"]

1.e4 c5 2.Nf3 e6 3.d4 cxd4 4.Nxd4 a6 5.Nc3 Qc7 6.Bd3 b5 7.a3 Bb7 8.O-O Nf6
9.Bg5 Be7 10.Kh1 O-O 11.f4 d6 12.Qf3 h6 13.Bh4 Nc6 14.Nxc6 Bxc6 15.Be1 Qb7
16.Bd2 d5 17.exd5 Nxd5 18.Nxd5 Bxd5 19.Qg3 f5 20.Rae1 Bf6 21.b3 Rac8 22.
Re2 Bc3 23.Rfe1 Bxd2 24.Rxd2 Qb6 25.Qe3 Qxe3 26.Rxe3 Rfd8 27.Kg1 Be4 28.
Rde2 Bxd3 29.cxd3 Rc3 30.d4 Rxe3 31.Rxe3 Kf7 32.Rd3 g5 33.g3 Ke7 34.Kf2 
Kd6 35.Rc3 Rg8 36.Ke3 gxf4+ 37.Kxf4 Rg4+ 38.Ke3 Re4+ 39.Kd3 Re1 40.Rc8 
Rd1+ 41.Ke3 Ra1 42.a4 bxa4 43.bxa4 Rxa4 44.Rd8+ Ke7 45.Rh8 Ra2 46.Rxh6 a5 
47.h4 Ra3+ 48.Kf4 Rd3 49.Rh7+ Kf6 50.Rh6+ Ke7 51.Rh7+ Kf6 52.Rh6+ Kf7 53.
Rh7+ Kg6 54.Ra7 Rxd4+ 55.Ke5 Re4+ 56.Kd6 a4 57.Ra6 Kf6 58.Ra8 Rd4+ 59.Kc5 
Rg4 60.Kd6 Rxg3 61.Rf8+ Kg7 62.Ra8 Re3 63.Rxa4 Re4 64.Ra8 Kf7 65.Ra7+ Kf6 
66.Rh7 Rd4+ 67.Kc5 Rd5+ 68.Kc6 f4 69.Rh6+ Kf7 70.h5 f3 71.Rh7+ Kg8 72.Rh6 
f2 73.Rf6 Rf5 74.Rxf5 exf5 0-1

[Event "Rewal 2011 - Open B"]
[Site "Rewal"]
[Date "2011.08.20"]
[Round "2.47"]
[White "Orzechowski, Krzysztof"]
[Black "Maczka, Miroslawa"]
[Result "1-0"]
[WhiteElo "1778"]
[BlackElo "1589"]
[EventDate "2011.??.??"]
[PlyCount "81"]

1.e4 c6 2.d4 d5 3.Nc3 dxe4 4.Nxe4 Bf5 5.Ng3 Bg6 6.Nf3 Nf6 7.Bc4 e6 8.Ne5 
Nbd7 9.Nxg6 hxg6 10.Bf4 Be7 11.Qf3 b5 12.Bd3 Qb6 13.c3 Rc8 14.O-O c5 15.
dxc5 Bxc5 16.Ne4 Nxe4 17.Qxe4 Nf6 18.Qe2 b4 19.Bb5+ Kf8 20.cxb4 Bxb4 21.
Rac1 Ke7 22.Rfd1 Rxc1 23.Rxc1 Nd5 24.Bg3 Rd8 25.Bc4 Kf8 26.Qg4 Bd2 27.Rd1 
Qxb2 28.Qh4 g5 29.Qh3 f6 30.Qh8+ Ke7 31.Qxg7+ Ke8 32.Bb3 Qd4 33.Rxd2 Qxd2 
34.Ba4+ Rd7 35.Qxd7+ Kf8 36.Bd6+ Kg8 37.Qxe6+ Kg7 38.Qd7+ Kg8 39.Qe8+ Kg7 
40.Bf8+ Kh7 41.Qf7+ 1-0

[Event "Rewal 2011 - Open B"]
[Site "Rewal"]
[Date "2011.08.20"]
[Round "2.48"]
[White "Zhuk, Ivan"]
[Black "Borowicz, Miroslaw"]
[Result "0-1"]
[WhiteElo "1584"]
[BlackElo "1776"]
[EventDate "2011.??.??"]
[PlyCount "86"]

1.e4 c6 2.d4 d5 3.exd5 cxd5 4.Bd3 Nf6 5.h3 e6 6.Nf3 Nc6 7.c3 Be7 8.Bf4 O-O
9.O-O Re8 10.Nbd2 Bd6 11.Bxd6 Qxd6 12.Re1 e5 13.dxe5 Nxe5 14.Nxe5 Rxe5 15.
Rxe5 Qxe5 16.Nf3 Qc7 17.Qc2 Bd7 18.Re1 Re8 19.Rxe8+ Bxe8 20.Qe2 Kf8 21.Qe3
b6 22.Qd4 Bd7 23.Ne5 Qc5 24.Nxd7+ Nxd7 25.Qh4 Qe7 26.Qxe7+ Kxe7 27.Kf1 Ke6
28.Ke2 Nc5 29.Bc2 Ke5 30.Ke3 h5 31.f4+ Kd6 32.b4 Ne6 33.Bd3 h4 34.f5 Ng5 
35.Kf4 f6 36.a3 Nf7 37.Ba6 Ne5 38.a4 Kc6 39.Ke3 Kd6 40.Kd4 Nc6+ 41.Kd3 Ke5
42.c4 Nxb4+ 43.Ke3 Nxa6 0-1

[Event "Rewal 2011 - Open B"]
[Site "Rewal"]
[Date "2011.08.20"]
[Round "2.49"]
[White "Duda, Ryszard"]
[Black "Zezulkin, Alina"]
[Result "1/2-1/2"]
[WhiteElo "1760"]
[BlackElo "1583"]
[EventDate "2011.??.??"]
[PlyCount "89"]

1.e4 c5 2.Nf3 Nc6 3.d4 cxd4 4.Nxd4 Nf6 5.Nc3 e5 6.Nb3 a6 7.Be2 d6 8.O-O 
Be7 9.Be3 O-O 10.Kh1 b5 11.a3 Bb7 12.f3 Rc8 13.Rc1 Qd7 14.Bg5 Rfd8 15.Qd2 
h6 16.Be3 Qc7 17.Bd3 Nb8 18.Qf2 Nbd7 19.Rfd1 Nc5 20.Nd2 d5 21.exd5 Nxd5 
22.Nxd5 Bxd5 23.Bf5 Rb8 24.Qg3 Kh8 25.Qh3 Rd6 26.c4 bxc4 27.Nxc4 Bxc4 28.
Rxd6 Qxd6 29.Rxc4 Qd1+ 30.Bg1 Rxb2 31.Qg4 Ra2 32.f4 Qf1 33.Qf3 Qxf3 34.
gxf3 g6 35.Bxc5 Bxc5 36.Rxc5 gxf5 37.fxe5 Rxa3 38.Kg2 a5 39.Rc6 Kg7 40.Rf6
a4 41.Rxf5 Ra2+ 42.Kg3 a3 43.Rf6 Re2 44.Ra6 Rxe5 45.Rxa3 1/2-1/2

[Event "Rewal 2011 - Open B"]
[Site "Rewal"]
[Date "2011.08.20"]
[Round "2.50"]
[White "Budnik, Kazimierz"]
[Black "Szolc, Grzegorz"]
[Result "0-1"]
[WhiteElo "1567"]
[BlackElo "1760"]
[EventDate "2011.??.??"]
[PlyCount "122"]

1.e4 g6 2.Nf3 Bg7 3.d4 c6 4.Bc4 d5 5.exd5 cxd5 6.Bb3 Nf6 7.c3 O-O 8.O-O 
Bg4 9.Be3 Nc6 10.Nbd2 Ne4 11.h3 Nxd2 12.hxg4 Nxf3+ 13.Qxf3 e6 14.Qh3 Na5 
15.Bh6 Nxb3 16.axb3 Qb6 17.Bxg7 Kxg7 18.b4 a5 19.g5 axb4 20.Qh6+ Kg8 21.
Rad1 f5 22.gxf6 Rxf6 23.Rd3 bxc3 24.Rh3 Qc7 25.bxc3 Raf8 26.Qe3 Qf7 27.Qe2
b6 28.f3 Rc8 29.Qd2 Qc7 30.Rc1 b5 31.Qb2 Qc4 32.Qd2 Rf7 33.Qg5 b4 34.f4 b3
35.Rb1 Qe2 36.Qe5 Qxe5 37.fxe5 Rb7 38.Rf3 Ra8 39.Rf2 Ra2 40.Rfb2 Rxb2 41.
Rxb2 Kg7 42.Kf2 Kh6 43.Ke2 Kg5 44.Kd3 Kf4 45.c4 dxc4+ 46.Kxc4 h5 47.Kc5 
Ke4 48.Kc6 Rb4 49.Kc5 Rb8 50.Kd6 Kxd4 51.Kxe6 Rb6+ 52.Kd7 Kxe5 53.Re2+ Kd4
54.Kc7 Rb4 55.Rb2 Kc3 56.Rf2 b2 57.Rf3+ Kd2 58.Rf2+ Ke1 59.Rxb2 Rxb2 60.g3
g5 61.Kd6 h4 0-1

[Event "Rewal 2011 - Open B"]
[Site "Rewal"]
[Date "2011.08.20"]
[Round "2.51"]
[White "Strek, Jaroslaw"]
[Black "Laszewski, Kazimierz"]
[Result "0-1"]
[WhiteElo "1551"]
[BlackElo "1755"]
[EventDate "2011.??.??"]
[PlyCount "66"]

1.d4 Nf6 2.Nf3 d5 3.c4 e6 4.e3 Be7 5.Nc3 O-O 6.Bd3 dxc4 7.Bxc4 b6 8.e4 Bb7
9.Qd3 Bb4 10.O-O Bxc3 11.bxc3 Bxe4 12.Qe2 Qd6 13.h3 Nbd7 14.a4 Qc6 15.Kh1 
a5 16.Bf4 Rac8 17.Rfe1 Bd5 18.Bd3 Bxf3 19.gxf3 Qxc3 20.Rac1 Qxd4 21.Qd2 
Qd5 22.Qe3 Nc5 23.Rcd1 Qh5 24.Bf1 Nd5 25.Qe5 Qxf3+ 26.Kg1 Qxf4 27.Qh5 g6 
28.Qe2 Nc3 29.Qd2 Qxd2 30.Rxd2 Rcd8 31.Rc2 N3xa4 32.Bb5 Rd4 33.Rxc5 Nxc5 
0-1

[Event "Rewal 2011 - Open B"]
[Site "Rewal"]
[Date "2011.08.20"]
[Round "2.52"]
[White "Jastrzebski, Konrad"]
[Black "Biszof, Henryk"]
[Result "1/2-1/2"]
[WhiteElo "1536"]
[BlackElo "1747"]
[EventDate "2011.??.??"]
[PlyCount "45"]

1.e4 c5 2.Nf3 d6 3.d3 Nc6 4.g3 Bg4 5.Bg2 Nf6 6.O-O Ne5 7.Nbd2 e6 8.h3 
Nxf3+ 9.Nxf3 Bxf3 10.Qxf3 e5 11.Qe2 Qb6 12.Kh2 h6 13.f4 O-O-O 14.a3 Nd7 
15.Be3 exf4 16.Bxf4 g5 17.Be3 Ne5 18.b4 Kb8 19.Rfb1 Qc7 20.c3 Bg7 21.bxc5 
dxc5 22.d4 Nc6 23.d5 1/2-1/2

[Event "Rewal 2011 - Open B"]
[Site "Rewal"]
[Date "2011.08.20"]
[Round "2.53"]
[White "Beczala, Pawel"]
[Black "Mazur, Bartlomiej"]
[Result "1-0"]
[WhiteElo "1730"]
[BlackElo "1531"]
[EventDate "2011.??.??"]
[PlyCount "131"]

1.e4 c5 2.Nc3 e6 3.f4 d5 4.d3 Nc6 5.g3 d4 6.Nce2 f6 7.Bg2 e5 8.Nf3 Bd6 9.
O-O Nge7 10.f5 O-O 11.g4 g6 12.Qe1 g5 13.Qg3 h6 14.Kf2 Kg7 15.h4 Nb4 16.
Ne1 Bd7 17.a3 Na6 18.Nf3 Be8 19.Rh1 Bf7 20.Bd2 Nc6 21.Rh3 Rh8 22.Rah1 Qc7 
23.Qh2 Qd8 24.hxg5 hxg5 25.Rh7+ Rxh7 26.Qxh7+ Kf8 27.Rh6 Ke8 28.Qh8+ Kd7 
29.Qxf6 Qf8 30.Nxg5 Be7 31.Ne6 Qg8 32.Qg7 Bxe6 33.fxe6+ Kd6 34.Qxg8 Rxg8 
35.Ng3 Rxg4 36.Nf5+ Kc7 37.Nxe7 Nxe7 38.Rh7 Kd6 39.Bh3 Rg8 40.c3 b6 41.Rf7
Rg6 42.Rf8 Rg8 43.Rf7 Rg6 44.Bf5 Rg8 45.Bh6 Nb8 46.Bg7 Nbc6 47.Bh3 Nd8 48.
Bxe5+ Kxe5 49.Rxe7 Nc6 50.Rf7 Re8 51.Kf3 Re7 52.Rf5+ Kd6 53.Rd5+ Kc7 54.
Rd7+ Kc8 55.Kf4 Rxd7 56.exd7+ Kd8 57.e5 Ke7 58.Ke4 dxc3 59.bxc3 Na5 60.Kd5
a6 61.e6 Nb7 62.Kc6 Nd8+ 63.Kxb6 Kd6 64.Kxa6 Nc6 65.Kb6 Nd8 66.a4 1-0

[Event "Rewal 2011 - Open B"]
[Site "Rewal"]
[Date "2011.08.20"]
[Round "2.54"]
[White "Poswiatowski, Stanislaw"]
[Black "Drela, Michal"]
[Result "1/2-1/2"]
[WhiteElo "1718"]
[BlackElo "1459"]
[EventDate "2011.??.??"]
[PlyCount "72"]

1.d4 d5 2.Nf3 Nf6 3.c4 c6 4.Nc3 e6 5.cxd5 exd5 6.Bg5 Be7 7.Qc2 h6 8.Bf4 
Bd6 9.Bxd6 Qxd6 10.e3 Be6 11.Bd3 Nbd7 12.h3 a5 13.O-O O-O 14.Rfc1 Rfc8 15.
a3 Kh8 16.Qe2 Re8 17.Rab1 Ng8 18.Nh4 Ne7 19.f4 Nf6 20.Rf1 Bd7 21.Na4 Ne4 
22.Bxe4 dxe4 23.Nc5 Nd5 24.Nxb7 Qf6 25.g3 Bxh3 26.Rfc1 g5 27.fxg5 Qxg5 28.
Kh2 Rg8 29.Qf2 Be6 30.Nc5 Nxe3 31.Qf4 Ng4+ 32.Kh1 Qxf4 33.gxf4 Nf2+ 34.Kh2
Bd5 35.Nf5 Ng4+ 36.Kh3 Nf2+ 1/2-1/2

[Event "Rewal 2011 - Open B"]
[Site "Rewal"]
[Date "2011.08.20"]
[Round "2.55"]
[White "Bilczewski, Kacper"]
[Black "Bzowski, Grzegorz"]
[Result "1-0"]
[WhiteElo "1531"]
[BlackElo "1717"]
[EventDate "2011.??.??"]
[PlyCount "51"]

1.e4 c5 2.c3 Nf6 3.e5 Ng8 4.d4 cxd4 5.cxd4 Nc6 6.Nf3 d6 7.Bb5 a6 8.Bxc6+ 
bxc6 9.O-O g6 10.Bf4 h5 11.exd6 exd6 12.Re1+ Ne7 13.Qe2 Ra7 14.Nc3 Bf5 15.
Bg5 Bg7 16.Bxe7 Rxe7 17.Qxa6 O-O 18.Rxe7 Qxe7 19.Qxc6 Rc8 20.Qb5 Qa7 21.
Qe2 Rb8 22.a4 Qb6 23.a5 Qxb2 24.Qxb2 Rxb2 25.a6 Bc8 26.a7 1-0

[Event "Rewal 2011 - Open B"]
[Site "Rewal"]
[Date "2011.08.20"]
[Round "2.57"]
[White "Lapa, Aleksandra"]
[Black "Skiba, Marta"]
[Result "1/2-1/2"]
[WhiteElo "1458"]
[BlackElo "1715"]
[EventDate "2011.??.??"]
[PlyCount "87"]

1.c4 e5 2.Nc3 Nc6 3.g3 g6 4.Bg2 Bg7 5.e3 Nge7 6.Nge2 O-O 7.O-O d6 8.d4 
exd4 9.Nxd4 Ne5 10.b3 Bg4 11.Qc2 Qc8 12.f4 N5c6 13.Nxc6 Nxc6 14.Re1 Bh3 
15.Bh1 Re8 16.Bb2 Nd4 17.Qd2 Nf5 18.Nd5 Re6 19.e4 Nh6 20.Bxg7 Kxg7 21.Qc3+
f6 22.e5 dxe5 23.fxe5 fxe5 24.Rxe5 Kf7 25.Nf4 Rxe5 26.Qxe5 c6 27.Nxh3 Qxh3
28.Qc7+ Kg8 29.Qxb7 Rf8 30.Bg2 Qf5 31.Qxa7 Qe5 32.Rf1 Rxf1+ 33.Bxf1 c5 34.
Qa8+ Kg7 35.Qd5 Qe3+ 36.Kg2 Nf5 37.Qd3 Qe5 38.Kf2 Qb2+ 39.Qe2 Qd4+ 40.Kg2 
Ne3+ 41.Kh1 Qe4+ 42.Kg1 Qd4 43.Kh1 Qe4+ 44.Kg1 1/2-1/2

[Event "Rewal 2011 - Open B"]
[Site "Rewal"]
[Date "2011.08.20"]
[Round "2.58"]
[White "Dobrzanska, Magdalena"]
[Black "Smal, Tobiasz"]
[Result "1/2-1/2"]
[WhiteElo "1417"]
[BlackElo "1711"]
[EventDate "2011.??.??"]
[PlyCount "102"]

1.d4 Nf6 2.c4 g6 3.Nc3 Bg7 4.Nf3 O-O 5.Bf4 d6 6.e3 Bf5 7.Bd3 Bxd3 8.Qxd3 
Nbd7 9.O-O Nh5 10.Bg5 f5 11.Rfe1 h6 12.Bh4 c6 13.h3 g5 14.Bg3 Nxg3 15.fxg3
e5 16.dxe5 Nxe5 17.Qe2 Qe7 18.Nd4 Nd7 19.Rac1 Rae8 20.Qc2 Bxd4 21.exd4 
Qxe1+ 22.Rxe1 Rxe1+ 23.Kh2 Re7 24.g4 Nb6 25.c5 dxc5 26.dxc5 Nd7 27.Qb3+ 
Ref7 28.Qxb7 fxg4 29.Qxc6 gxh3 30.Kxh3 Ne5 31.Qe6 Nd7 32.c6 Nb6 33.Ne4 Nc8
34.Nf6+ Kg7 35.Nd7 Re7 36.Nxf8 Rxe6 37.Nxe6+ Kf6 38.Nc5 h5 39.b4 Ke5 40.b5
Kd4 41.Nd7 Kc4 42.Nf6 Kxb5 43.Nxh5 Kxc6 44.Kg4 Nd6 45.Kxg5 Ne4+ 46.Kf5 Nf2
47.Kf4 Kc5 48.Kf3 Nd3 49.Nf4 Ne1+ 50.Ke2 Nxg2 51.Nxg2 Kb4 1/2-1/2

[Event "Rewal 2011 - Open B"]
[Site "Rewal"]
[Date "2011.08.22"]
[Round "3.1"]
[White "Karcz, Bartlomiej"]
[Black "Zielinski, Wojciech"]
[Result "0-1"]
[WhiteElo "1943"]
[BlackElo "2097"]
[EventDate "2011.??.??"]
[PlyCount "136"]

1.e4 c5 2.Nf3 e6 3.d4 cxd4 4.Nxd4 Nf6 5.Nc3 Nc6 6.Bg5 h6 7.Bh4 Be7 8.Be2 
O-O 9.O-O a6 10.f4 Qc7 11.e5 Nxd4 12.exf6 Bc5 13.Kh1 g6 14.Bd3 b5 15.Qg4 
Nf5 16.Bxf5 exf5 17.Qh3 Bb7 18.Bf2 h5 19.Bxc5 Qxc5 20.Rad1 Rfe8 21.Qd3 b4 
22.Nd5 Bxd5 23.Qxd5 Qxc2 24.Rd2 Qc7 25.Rd4 Rac8 26.Rxb4 Re2 27.Rb7 Qxf4 
28.Rg1 Qe3 29.Rxd7 Qxg1+ 30.Kxg1 Rc1+ 31.Qd1 Rxd1+ 32.Rxd1 Re6 33.Rd8+ Kh7
34.Rd7 Rxf6 35.b4 Kg7 36.a4 Rb6 37.Ra7 Kf6 38.a5 Rxb4 39.Rxa6+ Kg5 40.Ra7 
Ra4 41.Kf2 Kf4 42.Rxf7 Rxa5 43.Rf6 Ra2+ 44.Kf1 g5 45.Rb6 Ra4 46.Rb5 h4 47.
Rb2 Kg4 48.Kf2 Rf4+ 49.Kg1 Rc4 50.Kf2 h3 51.Ra2 f4 52.Rb2 Re4 53.Rc2 Ra4 
54.Rb2 Ra1 55.Rc2 Rh1 56.gxh3+ Kxh3 57.Rc8 Rxh2+ 58.Kf3 g4+ 59.Kxf4 Rf2+ 
60.Ke3 Rf7 61.Ke2 Kg2 62.Re8 g3 63.Re6 Kh1 64.Rg6 g2 65.Rh6+ Kg1 66.Re6 
Rh7 67.Rg6 Kh1 68.Kf2 Rf7+ 0-1

[Event "Rewal 2011 - Open B"]
[Site "Rewal"]
[Date "2011.08.22"]
[Round "3.2"]
[White "Blaszkiewicz, Mateusz"]
[Black "Zurkowski, Andrzej"]
[Result "1/2-1/2"]
[WhiteElo "1871"]
[BlackElo "2092"]
[EventDate "2011.??.??"]
[PlyCount "97"]

1.e4 d5 2.exd5 Qxd5 3.Nc3 Qd6 4.d4 Nf6 5.Nf3 a6 6.Bc4 b5 7.Bb3 Bb7 8.O-O 
Nbd7 9.Re1 b4 10.Na4 e6 11.Ne5 Nxe5 12.dxe5 Qc6 13.f3 Nd7 14.Qe2 Be7 15.
Bf4 O-O-O 16.c3 g5 17.Bg3 Nc5 18.Nxc5 Bxc5+ 19.Bf2 g4 20.Bxc5 Qxc5+ 21.Qf2
Qxf2+ 22.Kxf2 gxf3 23.gxf3 bxc3 24.bxc3 Rd2+ 25.Re2 Rxe2+ 26.Kxe2 Rg8 27.
Kf2 Rg5 28.Re1 Kd7 29.h4 Rg8 30.Rd1+ Ke7 31.Rd4 c5 32.Rd6 Rd8 33.Rxd8 Kxd8
34.Ke3 Ke7 35.a3 Bd5 36.Bc2 h6 37.Bd3 a5 38.f4 f5 39.Be2 Kd7 40.Bb5+ Kc7 
41.Be8 Bc4 42.Ba4 Kb6 43.Bd7 Bd5 44.Ba4 Bc6 45.Bxc6 Kxc6 46.a4 Kd5 47.Kd3 
c4+ 48.Ke3 h5 49.Kf3 1/2-1/2

[Event "Rewal 2011 - Open B"]
[Site "Rewal"]
[Date "2011.08.22"]
[Round "3.4"]
[White "Gonsior, Monika"]
[Black "Zielinski, Olgierd"]
[Result "1-0"]
[WhiteElo "2059"]
[BlackElo "1943"]
[EventDate "2011.??.??"]
[PlyCount "83"]

1.e4 c5 2.Nf3 e6 3.d4 cxd4 4.Nxd4 Nc6 5.Nxc6 bxc6 6.c4 Nf6 7.Bd3 d5 8.cxd5
cxd5 9.exd5 Bb4+ 10.Bd2 Bxd2+ 11.Qxd2 Qxd5 12.Nc3 Qe5+ 13.Qe2 Qxe2+ 14.
Bxe2 O-O 15.O-O Bb7 16.Rfd1 Rfd8 17.Nb5 Nd5 18.Bf3 a6 19.Bxd5 Rxd5 20.Rxd5
exd5 21.Nd6 Bc6 22.Rc1 Bd7 23.Rc7 Be6 24.Kf1 Rb8 25.b3 g6 26.Ke2 Rb6 27.
Nc8 Rb5 28.Na7 Ra5 29.a4 d4 30.Nc6 Rh5 31.Nxd4 Re5+ 32.Kd2 Rd5 33.Kc3 Re5 
34.Re7 a5 35.Nxe6 fxe6 36.b4 axb4+ 37.Kxb4 Re2 38.a5 Rxf2 39.a6 Rxg2 40.a7
Ra2 41.Re8+ Kf7 42.a8=Q 1-0

[Event "Rewal 2011 - Open B"]
[Site "Rewal"]
[Date "2011.08.22"]
[Round "3.6"]
[White "Szostko, Jakub"]
[Black "Jaskolka, Tomasz"]
[Result "1/2-1/2"]
[WhiteElo "1645"]
[BlackElo "2003"]
[EventDate "2011.??.??"]
[PlyCount "84"]

1.e4 c5 2.Nf3 Nc6 3.d4 cxd4 4.Nxd4 d5 5.exd5 Qxd5 6.Be3 Nxd4 7.Nc3 Nf3+ 8.
gxf3 Qxd1+ 9.Rxd1 Bd7 10.Rd2 Nf6 11.Nb5 O-O-O 12.Bxa7 Bc6 13.Rxd8+ Kxd8 
14.Bb6+ Kd7 15.Nd4 e6 16.Nxc6 Kxc6 17.Be3 Nd5 18.a4 Bd6 19.Bb5+ Kc7 20.O-O
Rd8 21.Bd2 Ne7 22.Bc3 Bf4 23.Re1 Ng6 24.Re4 Rd1+ 25.Re1 Rd5 26.Re4 Rg5+ 
27.Kf1 Bxh2 28.Rg4 Rxg4 29.fxg4 Be5 30.Bxe5+ Nxe5 31.Be2 f5 32.f3 Kd6 33.
Kf2 Kc5 34.c3 Kd5 35.a5 Nc4 36.b4 h6 37.Bd1 Ke5 38.Bb3 Nd6 39.c4 fxg4 40.
fxg4 Ne4+ 41.Ke3 Nf6 42.Bd1 Kd6 1/2-1/2

[Event "Rewal 2011 - Open B"]
[Site "Rewal"]
[Date "2011.08.22"]
[Round "3.7"]
[White "Graczyk, Damian"]
[Black "Sowa, Martyna"]
[Result "0-1"]
[WhiteElo "1991"]
[BlackElo "1720"]
[EventDate "2011.??.??"]
[PlyCount "98"]

1.c4 Nf6 2.Nf3 g6 3.g3 Bg7 4.Bg2 O-O 5.Nc3 d5 6.cxd5 Nxd5 7.h4 Nxc3 8.bxc3
h5 9.Ng5 c6 10.Rb1 Qa5 11.Qb3 Nd7 12.Ba3 Nc5 13.Qb4 Qxb4 14.Bxb4 Bf5 15.e4
Nd3+ 16.Ke2 Nxb4 17.Rxb4 Bc8 18.Rhb1 b6 19.Ra4 Bd7 20.Bh3 Bxh3 21.Nxh3 c5 
22.Nf4 e6 23.Ra6 Rfd8 24.a4 Be5 25.Ng2 Bc7 26.Ne3 Kg7 27.Nc4 Kf8 28.Rb5 
Ke8 29.a5 bxa5 30.Rxc5 Bb6 31.Nxb6 axb6 32.Rxb6 a4 33.Rb2 a3 34.Ra2 Rdb8 
35.Rc4 Kd7 36.Rb4 Rxb4 37.cxb4 Kc6 38.Kd3 Kb5 39.Kc3 Ka4 40.b5 Rc8+ 41.Kd4
Kb3 42.Ra1 Kb2 43.Rxa3 Kxa3 44.Ke5 Rb8 45.d4 Kb4 46.d5 exd5 47.exd5 Kxb5 
48.Kd6 Rb6+ 49.Ke7 Kc5 0-1

[Event "Rewal 2011 - Open B"]
[Site "Rewal"]
[Date "2011.08.22"]
[Round "3.8"]
[White "Musialkiewicz, Pawel"]
[Black "Wisniewski, Michal"]
[Result "1-0"]
[WhiteElo "1961"]
[BlackElo "1713"]
[EventDate "2011.??.??"]
[PlyCount "101"]

1.d4 Nf6 2.c4 c5 3.d5 b5 4.Nf3 d6 5.Nfd2 g6 6.e4 Nbd7 7.cxb5 a6 8.Nc3 axb5
9.Nxb5 Ba6 10.a4 Bg7 11.Be2 O-O 12.O-O Qa5 13.Ra3 Qd8 14.Qc2 Ne8 15.Nb1 
Nc7 16.N1c3 Bxb5 17.Nxb5 Na6 18.Bg5 h6 19.Bf4 Nb4 20.Qc1 Kh7 21.Bxh6 Nf6 
22.Rh3 Rh8 23.Nc3 Qd7 24.Bxg7+ Kxg7 25.Rxh8 Rxh8 26.f4 e6 27.Qd2 exd5 28.
exd5 Qf5 29.Rd1 Rh4 30.g3 Rh8 31.Bf3 Ng4 32.Bxg4 Qxg4 33.Ne4 Rh5 34.Nc3 
Rh8 35.Re1 Rh5 36.a5 Qf5 37.Rd1 Rh8 38.Qe2 Rc8 39.Ra1 Nc2 40.g4 Qxf4 41.
Qxc2 Qxg4+ 42.Kh1 Qb4 43.Ra4 Qb7 44.Qe2 Qc7 45.a6 Qd8 46.a7 Qg5 47.Ne4 
Qxd5 48.Qf3 Re8 49.Ra1 f5 50.Ng5 Qd2 51.Qc3+ 1-0

[Event "Rewal 2011 - Open B"]
[Site "Rewal"]
[Date "2011.08.22"]
[Round "3.9"]
[White "Bokiej, Przemyslaw"]
[Black "Zhuk, Ilya"]
[Result "1-0"]
[WhiteElo "2097"]
[BlackElo "1889"]
[EventDate "2011.??.??"]
[PlyCount "71"]

1.e4 e6 2.d3 d5 3.Nd2 c5 4.Ngf3 Nc6 5.g3 b6 6.Bg2 Bb7 7.O-O Nf6 8.Re1 Be7 
9.e5 Nd7 10.Nf1 Qc7 11.Qe2 O-O-O 12.h4 Nf8 13.N1h2 h6 14.c3 Ba6 15.Bd2 d4 
16.c4 Bb7 17.a3 a5 18.Ng4 Nd7 19.b4 cxb4 20.axb4 Nxb4 21.Nxd4 Bxg2 22.Kxg2
Qb7+ 23.Kg1 Nc5 24.Bc3 Ncxd3 25.Red1 Nc5 26.Bxb4 axb4 27.Nb5 Rxd1+ 28.Qxd1
Rd8 29.Qe2 Qe4 30.Ne3 Qxe5 31.Ra7 Bd6 32.Qf3 Qe4 33.Qxf7 Qc6 34.Qxg7 Nd7 
35.Qa1 Nb8 36.Rg7 1-0